000 00629nam a2200229Ia 4500
005 20260430150008.0
008 008 250103s9999 xx 000 0 eng d
037 _aTheses
040 _aCRL
040 _beng
040 _ceng
041 _2eng
041 _aeng
084 _qCRL
100 _aSingh Anuradha Au.; Ashok Acharya Gu.
_91236146
245 0 _aMedia and Democracy in India: A Study of their Relationship Post Liberllisation
260 _c2022
300 _a262p.
700 _aUniversity of Delhi. Faculty of social Sciences. Deptt of Political Science
942 _cTH
999 _c1848682
_d1848682